00541nam a22001932a 450000100060000000300080000600500170001400800410003102000150007203500190008704000270010604100080013308200250014110000280016624500360019426000410023030000210027150000550029221764BD-RjUL20211209000727.0860101s1973 enk 000 1 eng d a0436191350 a(BD-RjUL)21829 aUKMcUKMdBD-RjULbeng aeng a823.91218bHAH 19731 aHayes, Roy.qRoy Hayes.14aThe Hungarian game /cRoy Hayes aLondon :bSecker and Warburg,c1973. a343 p. :c23 cm. aAlso published, New York: Simon and Schuster, 1973